|
|
|
|
| LEADER |
00000nas a2200000 a 4500 |
| 001 |
ssj0000642 |
| 003 |
WaSeSS |
| 005 |
20200512172242.0 |
| 006 |
m d |
| 007 |
cr n |
| 008 |
980130c19849999ilumr p s 0 a0eng |
| 010 |
|
|
|a 2009268193
|
| 016 |
|
|
|a 000024300444
|2 AU
|
| 022 |
|
|
|a 2162-7983
|y 0747-0088
|
| 035 |
|
|
|a (WaSeSS)ssj0000642
|
| 040 |
|
|
|a FGA
|b eng
|c FGA
|d OCL
|d EYM
|d OCLCQ
|d MUQ
|d AU@
|d NDO
|d BUF
|d DLC
|d AD#
|d OCLCQ
|d EYM
|d OCLCO
|d VRL
|d OCLCF
|d OCLCQ
|d OCL
|d OCLCO
|d OCL
|d VT2
|d UUM
|d CEF
|d WaSeSS
|
| 042 |
|
|
|a pcc
|a nsdp
|
| 043 |
|
|
|a n-us---
|
| 050 |
1 |
4 |
|a KF200
|b .A23
|
| 050 |
1 |
4 |
|a K1
|b .M385
|
| 082 |
0 |
4 |
|a 349
|2 14
|
| 130 |
0 |
|
|a ABA journal (Online)
|
| 222 |
|
0 |
|a ABA journal
|b (Online)
|
| 245 |
1 |
0 |
|a ABA journal
|h [electronic resource].
|
| 246 |
3 |
|
|a American Bar Association journal
|
| 260 |
|
|
|a Chicago, Ill. :
|b American Bar Association,
|c ©1984-
|
| 310 |
|
|
|a Monthly
|
| 362 |
1 |
|
|a Began with vol. 70, no. 1 (Jan. 1984).
|
| 506 |
|
|
|a License restrictions may limit access.
|
| 588 |
|
|
|a Description based on: Vol. 70, [no. 1] (Jan. 1984); title from PDF cover (JSTOR, viewed April 10, 2013).
|
| 588 |
|
|
|a Latest issue consulted: Aug. 2011 (ABAjournal.com, viewed Aug. 10, 2011).
|
| 610 |
2 |
0 |
|a American Bar Association
|v Periodicals.
|
| 610 |
2 |
6 |
|a American Bar Association
|v Périodiques.
|
| 610 |
2 |
7 |
|a American Bar Association
|2 fast
|0 (OCoLC)fst00528251
|
| 650 |
|
0 |
|a Law
|z United States
|v Periodicals.
|
| 650 |
|
6 |
|a Droit
|z États-Unis
|v Périodiques.
|
| 650 |
|
7 |
|a Law.
|2 fast
|0 (OCoLC)fst00993678
|
| 651 |
|
7 |
|a United States.
|2 fast
|0 (OCoLC)fst01204155
|
| 655 |
|
0 |
|a Electronic journals.
|
| 710 |
2 |
|
|a American Bar Association.
|
| 776 |
0 |
8 |
|i Print version:
|t ABA journal
|x 0747-0088
|w (DLC) 84641839
|w (OCoLC)10269097
|
| 780 |
0 |
0 |
|t American Bar Association journal
|x 2162-7975
|w (DLC) 2009268194
|w (OCoLC)50629671
|
| 856 |
4 |
0 |
|z Full text available from Research Library: 01/01/1992 to present
|u https://search.proquest.com/publication/41594
|